000 00366nam a22001337a 4500
005 20260202150344.0
020 _a9789395161572
082 _a579 ANE.A
100 _aAneja K.R.
_99055
245 _aA textbook of basic and applied microbiology /
260 _aNew Delhi:
_bNew age international (P) limited, publishers
_cc2024
300 _a774 p.
942 _2ddc
_cBK
999 _c755667
_d755667